000 00173 a2200097 4500
020 _a0153585579
041 _aspa
100 _aHarcourt
245 _aLas plantas
942 _cBK
999 _c4248
_d4248